Ordinamento costituzionale e produzione del diritto in Roma antica. I fondamenti dell 'esperienza giuridica occidentale

Guardado en:
Detalles Bibliográficos
Autores principales: Cerami, Pietro (Autor), Metro, Antonio (Autor), Corbino, Alessandro (Autor), Purpura, Gianfranco (Autor)
Formato: Libro
Lenguaje:italiano
Publicado: Nápoles Jovene Editore 2006
Edición:2a. ed
Materias:
Etiquetas: Agregar Etiqueta
Sin Etiquetas, Sea el primero en etiquetar este registro!

MARC

LEADER 00000nam a2200000 a 4500
001 UCI3892
003 CL-VaPUC
008 071207e20060000IT |||||||||||||||||ita|d
020 |a 8824316476 
082 0 4 |a 340.54  |b CER  |2 21 
100 0 |a Cerami, Pietro  |e author  |9 525426 
700 0 |a Metro, Antonio  |e author  |9 525427 
700 0 |a Corbino, Alessandro  |e author  |9 525428 
700 0 |a Purpura, Gianfranco  |e author  |9 525429 
245 1 0 |a Ordinamento costituzionale e produzione del diritto in Roma antica. I fondamenti dell 'esperienza giuridica occidentale 
250 |a 2a. ed 
300 |a 315 p 
942 |c BK 
945 |d 20071207 00:00:00  |a rbrito 
260 |a Nápoles  |b Jovene Editore  |c 2006 
650 0 |a Derecho romano  |9 255930 
583 |a last modification  |c 20071207 00:00:00  |k Rodrigo Vera 
999 |c 327922  |d 327920 
952 |0 0  |1 0  |4 0  |6 340_540000000000000_CER_2006  |7 0  |8 DER_ROM  |9 411483  |a BIBDER  |b BIBDER  |d 2019-11-22  |i 4394291  |l 1  |o 340.54 CER 2006  |p 4394291  |r 2023-01-25  |s 2020-03-19  |w 2019-11-22  |x Ubicación 4to piso  |y BK  |z Este recurso debe solicitarse con anticipación  |k DER